| 000 -LEADER |
| fixed length control field |
01030nam a2200241Ia 4500 |
| 001 - CONTROL NUMBER |
| control field |
5032 |
| 003 - CONTROL NUMBER IDENTIFIER |
| control field |
GE_BSU |
| 005 - DATE AND TIME OF LATEST TRANSACTION |
| control field |
20260421153001.0 |
| 008 - FIXED-LENGTH DATA ELEMENTS--GENERAL INFORMATION |
| fixed length control field |
181216s1986||||ru |||||||||||||| ||rus|| |
| 040 ## - CATALOGING SOURCE |
| Transcribing agency |
GE_BSU |
| 080 ## - UNIVERSAL DECIMAL CLASSIFICATION NUMBER |
| Universal Decimal Classification number |
624.014(075.8) М-54 |
| 100 ## - MAIN ENTRY--PERSONAL NAME |
| Personal name |
Беленя, Е.И. |
| 9 (RLIN) |
27338 |
| 245 ## - TITLE STATEMENT |
| Title |
Металлические конструкции. |
| Remainder of title |
Общий курс. Учебник. |
| Statement of responsibility, etc. |
Авторы : Беленя,Е.И. Балдин,В.А. Бедеников,Г.С. и др.ж под общ. ред. Е.И.Беленя. |
| 250 ## - EDITION STATEMENT |
| Edition statement |
Изд. 6-е, перераб. и доп. |
| 264 ## - PRODUCTION, PUBLICATION, DISTRIBUTION, MANUFACTURE, AND COPYRIGHT NOTICE |
| Place of production, publication, distribution, manufacture |
М.: |
| Name of producer, publisher, distributor, manufacturer |
Стройиздат, |
| Date of production, publication, distribution, manufacture, or copyright notice |
1986. |
| 300 ## - PHYSICAL DESCRIPTION |
| Extent |
506 стр. : |
| Other physical details |
с илл. l |
| Dimensions |
27см. |
| 521 ## - TARGET AUDIENCE NOTE |
| Target audience note |
Библиогр.: стр.550. |
| 653 ## - INDEX TERM--UNCONTROLLED |
| keyword |
Металлические конструкции. |
| 700 ## - ADDED ENTRY--PERSONAL NAME |
| Personal name |
Беленя, Е.И. |
| Relator term |
ავტორი |
| 9 (RLIN) |
27339 |
| 700 ## - ADDED ENTRY--PERSONAL NAME |
| Personal name |
Балдин, В.А. |
| Relator term |
ავტორი |
| 9 (RLIN) |
27340 |
| 700 ## - ADDED ENTRY--PERSONAL NAME |
| Personal name |
Бедеников, Г.С. и др. |
| Relator term |
ავტორი |
| 9 (RLIN) |
27341 |
| 942 ## - ADDED ENTRY ELEMENTS (KOHA) |
| Koha item type |
წიგნი |
| Source of classification or shelving scheme |
|